000 00476nam a2200181Ia 4500
003 GCL
008 140319s9999 xx 000 0 eng d
040 _aGCL /
_cGCL
082 0 4 _a746.92
_bE H
100 1 _aEWING, ELIZABETH
245 1 0 _aHISTORY OF TWENTIETH CENTUREY FASHION /
_cEWING, ELIZABETH
260 _a[S.N] :
_bB.T.BATSFORD LTD ،
_c1992
300 _a300
650 0 4 _aCOSTUMES
650 0 4 _aFASHION
650 0 4 _aTWENTIETH CENTURY FASHION
942 _2ddc
_cBK
999 _c24743
_d24743